| 000 | 00818nam a2200253Ia 4500 | ||
|---|---|---|---|
| 003 | OSt | ||
| 005 | 20220918171017.0 | ||
| 006 | a|||||r|||| 00| 0 | ||
| 007 | ta | ||
| 008 | 220917b |||||||| |||| 00| 0 eng d | ||
| 020 |
_a978113734369 (hbk) _c5591.85 |
||
| 024 | _a281,012 | ||
| 037 |
_b40681, 21/03/2014, Segment Book Distributors _cTextual |
||
| 040 |
_aARTS _cARTS _beng |
||
| 041 |
_2eng _aeng |
||
| 082 | _aO111:g(S:4), Q3 | ||
| 100 |
_aPhillips Thomas _933087 |
||
| 245 | 0 |
_aSubject of minimalism _b On aesthetics agency and becoming |
|
| 260 |
_aNew York _bPalgrave Macmillan USA _c2013 |
||
| 300 |
_avii,201p. _ccm. |
||
| 650 | _aENGLISH LITERATURE | ||
| 942 |
_hO111:g(S:4), Q3 _cTEXL _2CC |
||
| 999 |
_c137243 _d137243 |
||